02019cam a22004214i 4500003000900000005001700009008004100026020001500067020001800082035002000100040003300120082001900153100002700172245013000199264004600329300005300375336002100428337002500449338002300474504003800497504003400535505071900569526001001288526001001298526001001308526001001318526000801328526000801336526000801344526000801352526000801360526000801368526000801376650007101384630005301455630004201508630004701550PE-LiUPU20250731172903.0170116s2006 xxua rb 001 0 eng d a0801027500 a9780801027505 a(Sirsi) a166088 aPE-LiUPUbspacPE-LiUPUerda04a221.67bA52221 aWalton, John H.eautor00aAncient Near Eastern thought and the Old Testament :bintroducing the conceptual world of the Hebrew Bible /cJohn H. Walton. 1aGrand Rapids, MI :bBaker Academic,c2006 a368 páginas :bilustraciones ;c23 centimetros atext2rdacontent aunmediated2rdamedia avolume2rdacarrier aBibliografía:páginas 343-350. aÍndices: páginas 351-368.0 apt. 1: Comparative studies -- History and methods -- Comparative studies, scholarship, and theology -- pt. 2: Literature of the ancient Near East -- Summary of the literature of the ancient Near East -- pt. 3: Religion -- The gods -- Temples and rituals -- State and family religion -- pt. 4: Cosmos -- Cosmic geography -- Cosmology and cosmogony -- pt. 5: People -- Understanding the past : human origins and role -- Understanding the past : historiography -- Encountering the present : guidance for life -- divination and omens -- Encountering the present: context of life -- cities and kingship -- Encountering the present: guidelines for life -- law and wisdom -- Pondering the future on earth and after death. aSEG42 aSEG41 aSEG40 aSEG39 aP94 aP87 aP86 aP85 aP77 aP76 aP3514aLiteratura de Oriente MedioxRelación con el Antiguo Testamento.04aBiblia.pA.T.xCrítica, interpretación, etc.04aBiblia.pA.T.xEstudios comparativos.04aBiblia.pA.T.xParalelos extracanónicos.